2024 Formula One Winners - Statistics

General Stats
  • This quiz has been taken 157 times
  • The average score is 22 of 24
Answer Stats
Hint Answer % Correct
Bahrain Grand Prix Max Verstappen
100%
Saudi Arabian Grand Prix Max Verstappen
100%
Japanese Grand Prix Max Verstappen
96%
Australian Grand Prix Carlos Sainz
95%
Monaco Grand Prix Charles Leclerc
95%
British Grand Prix Lewis Hamilton
95%
Emilia Romagna Grand Prix Max Verstappen
95%
Canadian Grand Prix Max Verstappen
95%
Spanish Grand Prix Max Verstappen
95%
Miami Grand Prix Lando Norris
94%
Chinese Grand Prix Max Verstappen
94%
Sao Paulo Grand Prix Max Verstappen
91%
Dutch Grand Prix Lando Norris
90%
Austrian Grand Prix George Russell
89%
Singapore Grand Prix Lando Norris
89%
Belgian Grand Prix Lewis Hamilton
89%
Qatar Grand Prix Max Verstappen
89%
Italian Grand Prix Charles Leclerc
88%
Abu Dhabi Grand Prix Lando Norris
88%
Hungarian Grand Prix Oscar Piastri
88%
Azerbaijan Grand Prix Oscar Piastri
88%
United States Grand Prix Charles Leclerc
85%
Mexico City Grand Prix Carlos Sainz
84%
Las Vegas Grand Prix George Russell
84%
No matching quizzes found
Score Distribution
Percent of People with Each Score
Percentile by Number Answered
Your Score History
You have not taken this quiz